UEFA Super Cup Participants - Statistics

General Stats
  • This quiz has been taken 95 times
  • The average score is 31 of 38
Answer Stats
Country Team Winners Runners-up % Correct
Spain FC Barcelona 5 4
99%
Spain Real Madrid 3 2
99%
Italy AC Milan 5 2
97%
The Netherlands AFC Ajax 2 1
96%
England Chelsea 1 2
96%
England Liverpool 3 2
96%
Portugal FC Porto 1 3
95%
Italy Juventus 2 0
95%
England Manchester United 1 2
95%
Germany Bayern Munich 1 3
93%
Spain Sevilla 1 4
93%
Scotland Celtic 0 1
92%
Italy Internazionale 0 1
91%
Belgium RSC Anderlecht 2 0
91%
Spain Atlético Madrid 2 0
89%
The Netherlands PSV 0 1
88%
Ukraine Dynamo Kyiv 1 1
86%
The Netherlands Feyenoord 0 1
85%
Turkey Galatasaray 1 0
85%
Spain Valencia 2 0
85%
England Arsenal 0 1
82%
Germany Borussia Dortmund 0 1
82%
Italy Lazio Roma 1 0
80%
Serbia Red Star Belgrade 0 1
80%
Russia Zenit 1 0
80%
England Aston Villa 1 0
77%
France Paris Saint-Germain 0 1
77%
Russia CSKA Moscow 0 1
76%
Ukraine Shakhtar Donetsk 0 1
76%
Romania Steaua Bucharest 1 0
74%
Scotland Aberdeen 1 0
73%
England Nottingham Forest 1 1
69%
Germany Hamburger SV 0 2
68%
Italy Parma 1 0
61%
Germany Werder Bremen 0 1
49%
Italy Sampdoria 0 1
46%
Belgium KV Mechelen 1 0
31%
Spain Real Zaragoza 0 1
31%
No matching quizzes found
Score Distribution
Percent of People with Each Score
Percentile by Number Answered
Your Score History
You have not taken this quiz